• 首页
  • 本馆介绍
  • 公告通知
  • 最新文献
  • 馆藏检索
  • 电子资源
  • 读者导购
  • 参考咨询
  • 我的图书馆
  • 登录
  • 详细信息显示
  • 放入我的书架
  • 预约/预借图书
  • 作者相关作品
  • 分类相关作品
  • 丛书相关作品
  • 出版社相关作品

书目信息

  • 表格格式
  • 工作单格式
  • 卡片格式
题名:
逻辑推理集锦
    
 
作者: 倪正茂 , 郑伟宏 著
分册:  
出版信息: 北京   光明日报出版社  1985
页数: 246页
开本: 19cm
丛书名:
单 册:
中图分类: B812.23 , B81
科图分类:
主题词: 推理
电子资源:
ISBN:
000 00639nam0 2200253 45
001 0934723723
005 20090928093940.96
010    @dCNY0.95
091    @aCN@b2263.002
100    @a19900921d1985 em y0chiy0121 ea
101 0  @achi
102    @aCN@b110000
105    @ay z 000yy
200 10 @a逻辑推理集锦@Aluo ji tui li ji jin@f倪正茂, 郑伟宏著
210    @a北京@c光明日报出版社@d1985
215    @a246页@d19cm
606    @a推理
690    @aB812.23@v3
690    @aB81@v4
701  0 @a倪正茂@Ani zheng mao@4著
701  0 @a郑伟宏@Azheng wei hong@4著
801  0 @aCN@bTSSF
801  2 @aCN@bNLC
905    @a10447@dB81@eJY19
    
    逻辑推理集锦/倪正茂, 郑伟宏著.-北京:光明日报出版社,1985
    246页;19cm
    
    
    ISBN :CNY0.95
    
●
相关链接 在E读中查询图书 在五车中查询图书 在当当中查询图书 在豆瓣中查询图书


正题名:逻辑推理集锦     索取号:B81/JY19         预约/预借

序号 登录号 条形码 馆藏地/架位号 状态 备注
1 7804851   278048514   学院路分馆/ [索取号:B81/JY19] 在馆    
2 7804852   278048523   学院路分馆/ [索取号:B81/JY19] 在馆    
唐山师范学院图书馆 欢迎您!
大连网信软件有限公司© 版权所有